000 00607nam a2200169 i 4500
001 150694
003 ES-MaACL
005 20230906203637.0
007 t|
008 071106s1941 sp ||||1| spa d
100 1 _aFenech, Miguel (
_d1912-1987)
_949244
245 1 0 _aProblemas jurídicos contemporáneos
_b: la posición del juez en el nuevo estado : ensayo de sistematización de las directrices actuales /
_cMiguel Fenech ; prólogo Jaime Guasp.
260 _aMadrid :
_bEspasa-Calpe,
_c[1941]
300 _a211 p. ;
_c20 cm.
700 1 _aGuasp, Jaime.
_960362
852 _aES-MaACL
_jB-9496
_bR.19246
999 _c150694
_d150694